000 01350nam a2200397 c 4500
001 19800
003 ES-MaCES
005 20141221122628.0
008 070226s2007 sp l 000 | spa d
017 _aNA 139-2007
_bDL
020 _a9788483551332
035 _aCES20070001922m
040 _aES-MaCES
_bspa
_cES-MaCES
110 1 _aEspaña
_tLeyes, etc., concursales
_93066
245 1 0 _aLegislación concursal
_cedición preparada por Ángel Rojo y Emilio Beltrán ; con la coordinación de Ana Belén Campuzano
250 _a4ª ed
260 _aCizur Menor (Navarra)
_bThomson Aranzadi
_c2007
300 _a758 p.
_c21 cm
490 1 _aColección Códigos básicos Aranzadi
_v17
500 _aÍndices
541 _cCompra
650 4 _aderecho concursal
_931756
650 4 _aderecho mercantil
_927157
650 4 _aEspaña
_926964
650 4 _alegislación económica
_927161
650 4 _atexto
_929624
653 1 0 _aLegislación
700 1 _aRojo Fernández-Río, Ángel
_eed. lit.
_922519
700 1 _aBeltrán, Emilio
_eed. lit.
_97455
700 1 _aCampuzano Laguillo, Ana Belén
_ecol.
_98857
775 0 _tLegislación concursal
_w(ES-MaCES)22192
830 0 _aColección Códigos básicos Aranzadi
_v17
_932116
902 _aLIB Libro
942 _2CES
_cBK
_h6.1.
999 _c19800
_d19800